Statistiques concernant Héroïnes Disney par images #1

Cliquez ici pour prendre le quiz!

Statistiques générales

  • Ce quiz a été pris 20 371 fois
  • Le résultat moyen est 12 sur 16

Statistiques - réponses

Réponse% Correct
Blanche-Neige
99%
Mulan
97%
Ariel
94%
Vaiana
93%
Alice
92%
Belle
91%
Anna
89%
Lilo
87%
Nala
73%
Esmeralda
65%
Wendy Darling
63%
Jane Porter
61%
Bianca
58%
Duchesse
37%
Mirabel Madrigal
37%
Sally
18%

Distribution des résultats

Percentile par nombre de réponses

% des personnes avec chaque résultat

Votre développement - résultats

Vous n’avez pas pris ce quiz